Business and accounting research using lexis-nexis / (Record no. 656)

MARC details
000 -LEADER
fixed length control field 00766nam a22001577a 4500
008 - FIXED-LENGTH DATA ELEMENTS--GENERAL INFORMATION
fixed length control field 120316t xxu||||| |||| 00| 0 eng d
020 ## - INTERNATIONAL STANDARD BOOK NUMBER
International Standard Book Number 0072929898
050 ## - LIBRARY OF CONGRESS CALL NUMBER
Classification number HD2844.C82
100 ## - MAIN ENTRY--PERSONAL NAME
Personal name Cottrell, David M.
245 ## - TITLE STATEMENT
Title Business and accounting research using lexis-nexis /
Statement of responsibility, etc. David M. Cottrell
260 ## - PUBLICATION, DISTRIBUTION, ETC.
Place of publication, distribution, etc. Boston:
Name of publisher, distributor, etc. Irwin-McGraw Hill,
Date of publication, distribution, etc. c1998.
300 ## - PHYSICAL DESCRIPTION
Extent x, 266 p.:
Other physical details ill;
Dimensions 24cm.
505 ## - FORMATTED CONTENTS NOTE
Formatted contents note Contents: Getting connected -- Introduction to searches -- Advanced searches: Syntax and strategy -- Getting help -- Financial accounting and audit research -- Financial statement analysis and specific company research -- International business and accounting -- Researching business questions and cases using lexis-nexis.
650 ## - SUBJECT ADDED ENTRY--TOPICAL TERM
Topical term or geographic name entry element Accounting.
942 ## - ADDED ENTRY ELEMENTS (KOHA)
Source of classification or shelving scheme Library of Congress Classification
Koha item type Books
Holdings
Withdrawn status Lost status Source of classification or shelving scheme Damaged status Not for loan Home library Current library Shelving location Date acquired Total Checkouts Full call number Barcode Date last seen Copy number Price effective from Koha item type
    Library of Congress Classification     WISCONSIN INTERNATIONAL UNIVERSITY COLLEGE, GHANA - MAIN LIBRARY WISCONSIN INTERNATIONAL UNIVERSITY COLLEGE, GHANA - MAIN LIBRARY General Stacks 16/03/2012   HD2844.C82 1613/12 16/03/2012 1 16/03/2012 Books
    Library of Congress Classification     WISCONSIN INTERNATIONAL UNIVERSITY COLLEGE, GHANA - MAIN LIBRARY WISCONSIN INTERNATIONAL UNIVERSITY COLLEGE, GHANA - MAIN LIBRARY General Stacks 16/03/2012   HD2844.C821 1614/12 16/03/2012 2 16/03/2012 Books

If you have any concerns or questions; kindly contact the library


© Powered by WIUC ICT DIRECTORATE